| Tag |
First Indicator |
Second Indicator |
Subfields |
| LEADER |
00000cam a2200000Ma 4500 |
| 001 |
in00003545441 |
| 006 |
m o d |
| 007 |
cr nn||||||||| |
| 008 |
121227s1997 ne o 000 0 eng d |
| 005 |
20260422221559.5 |
| 020 |
|
|
|a 9789400914551 (electronic bk.)
|
| 020 |
|
|
|a 9400914555 (electronic bk.)
|
| 035 |
|
|
|a (OCoLC)840304538
|
| 040 |
|
|
|a I9W
|b eng
|e pn
|c I9W
|d OCLCQ
|d UV0
|d OCLCO
|d GW5XE
|d OCLCF
|d UtOrBLW
|
| 049 |
|
|
|a TXAM
|
| 050 |
|
4 |
|a TP248.13-248.65
|
| 082 |
0 |
4 |
|a 660.6
|2 23
|
| 100 |
1 |
|
|a Sharratt, P. N.
|
| 245 |
1 |
0 |
|a Handbook of Batch Process Design /
|c edited by P.N. Sharratt.
|
| 264 |
|
1 |
|a Dordrecht :
|b Springer Netherlands,
|c 1997.
|
| 300 |
|
|
|a 1 online resource (336 pages)
|
| 336 |
|
|
|a text
|b txt
|2 rdacontent
|
| 337 |
|
|
|a computer
|b c
|2 rdamedia
|
| 338 |
|
|
|a online resource
|b cr
|2 rdacarrier
|
| 520 |
|
|
|a Batch processes are used to manufacture many fine organic chemicals, and as such they can be considered to underpin much of the modern chemical industry. Despite widespread use and a consequent huge contribution to wealth creation, batch processes have attracted limited attention outside the user industries. Batch chemicals processing uses a number of core techniques and technologies, such as scheduling and sequence control, agitation and batch filtration. The combination of these technologies with often complex chemistry, the multi-purpose nature of much of this type of plant, the distinctive safety and environmental issues, and a fast moving commercial environment makes the development of a successful batch process a considerable challenge for the chemist or engineer. The literature on the topics covered in this book is fragmented and often not easily accessible, so this handbook has been written to address this problem and to bring together design and process analysis methods in the core areas of batch process design. By combining the science and pragmatism required in the development of successful batch processes this new book provides answers to real problems in an accessible and concise way. Written by an international team of authors drawn from industry, consulting and academe, this book is an essential part of the library of any chemist, technologist or engineer working on the development of new or existing batch processes.
|
| 500 |
|
|
|a Electronic resource.
|
| 650 |
|
0 |
|a Chemistry.
|
| 650 |
|
0 |
|a Biotechnology.
|
| 650 |
|
7 |
|a Biotechnology.
|2 fast
|0 (OCoLC)fst00832729
|
| 650 |
|
7 |
|a Chemistry.
|2 fast
|0 (OCoLC)fst00853344
|
| 655 |
|
7 |
|a Electronic books.
|2 local
|
| 710 |
2 |
|
|a SpringerLink (Online service)
|
| 856 |
4 |
0 |
|u http://proxy.library.tamu.edu/login?url=https://link.springer.com/10.1007/978-94-009-1455-1
|z Connect to the full text of this electronic book
|t 0
|
| 994 |
|
|
|a 92
|b TXA
|
| 999 |
|
|
|a MARS
|
| 999 |
f |
f |
|s deb7a66c-b3b1-3f71-aabd-9981fa1f5326
|i e476d013-0ff3-3558-b0e2-bf417099aedd
|t 0
|
| 952 |
f |
f |
|a Texas A&M University
|b College Station
|c Electronic Resources
|s www_evans
|d Available Online
|t 0
|e TP248.13-248.65
|h Library of Congress classification
|
| 998 |
f |
f |
|a TP248.13-248.65
|t 0
|l Available Online
|